00389nam a2200169Ia 4500008004000000041000800040082001200048100001800060245004100078260003900119650000700158650001000165650001300175650001100188650001200199650000800211210210b1876 xxu||||| |||| 00| 0 eng d aeng a828/466 aNICOLAS (P H) aNaval and military heroes of Britain aLondonbGeorge Bell and Sonsc1876 aof aNaval amilitary aheroes aBritain aand